[Event "KAZ Cup 2019"]
[Site "Almaty"]
[Date "2019.12.18"]
[Round "8.1"]
[White "Kostenko, Petr"]
[Black "Babujian, Levon"]
[Result "1/2-1/2"]
[WhiteElo "2467"]
[BlackElo "2466"]
[Annotator "TA"]
[PlyCount "111"]
[EventDate "2019.12.12"]
[EventType "tourn"]
[EventCountry "KAZ"]
[SourceTitle "playchess.com"]
[Source "ChessBase"]
[SourceQuality "1"]

{[%evp 11,111,15,16,4,5,4,4,-9,14,-24,22,10,20,-12,-14,-14,0,-41,-40,-26,-33,-35,-35,-38,-37,-41,-41,-93,-81,-93,-75,-74,-75,-66,-80,-64,-63,-79,-82,-81,-82,-79,-3,-6,-8,0,0,-5,-5,-25,-8,-34,-34,-34,-34,-34,-34,-34,-34,-34,-34,-34,-34,-34,-34,-34,-34,-56,-56,-58,-58,-58,-56,-56,-56,-56,0,-56,0,0,0,0,0,0,0,0,0,0,0,0,39,39,39,39,39,39,39,39,39,39,39,0]} 1. e4 e5 2. Nf3 Nc6 3. Bb5 a6 4. Ba4 Nf6 5. d3 Bc5 6. Bxc6 dxc6 7. Nbd2 {C77: Ruy Lopez: 3...a6 4 Ba4 Nf6, unusual lines} (7. O-O {is more complex.} Bd6 8. b3 Be6 9. Nbd2 O-O 10. a4) (7. h3 O-O 8. O-O Re8 9. c3 Nd7 10. d4 Bd6 11. Qc2 f6 12. Nbd2 Qe7 13. Re1 Nf8 14. dxe5 fxe5 {½-½ (48) Fedoseev,V (2683)-Yu,Y (2739) Hengshui 2019}) 7... Be6 8. Qe2 Nd7 9. Nb3 {The position is equal.} Be7 $146 ({Predecessor:} 9... Bb4+ 10. Bd2 Bxd2+ 11. Qxd2 c5 12. Qc3 Bxb3 13. axb3 Qe7 14. b4 f6 {0-1 (47) Bortnyk,O (2585)-Nabaty,T (2622) Jerusalem 2016}) 10. d4 f6 (10... Bxb3 $5 11. axb3 exd4 $11) 11. O-O O-O 12. Rd1 Qe8 13. dxe5 fxe5 14. Ng5 Bxg5 $1 15. Bxg5 Qg6 $1 {[%cal Rg6g5]} 16. Qe3 h6 17. Be7 Rf7 18. Ba3 Bg4 {Threatens to win with ...Bf3!} 19. Rxd7 (19. Qg3 $15) 19... Bxd7 $17 20. Nc5 Bg4 {Strongly threatening ...Bf3.} 21. Qg3 b6 22. Nd3 Qxe4 23. Re1 Be2 24. Qxe5 Re8 25. Qxe4 Rxe4 26. f3 {[#]} Re3 ({Black should try} 26... Bxd3 $1 $17 {[%mdl 512]} 27. fxe4 (27. cxd3 Rxe1+) 27... Bxc2) 27. Kf2 $132 {[%mdl 2048] White is not keeping still} Rxd3 28. cxd3 Bxd3 {[%mdl 4096] Endgame KRB-KRB} 29. Re8+ Kh7 30. Re7 Kg6 31. Bb4 (31. Re6+ {feels hotter.} Kf5 32. Rxc6 Bb1 33. Bb4 Bxa2 34. g4+) 31... c5 32. Rxf7 Kxf7 $15 {KB-KB} 33. Bc3 g6 34. Be5 c6 35. Bf4 h5 36. Bc7 b5 37. Bb6 c4 38. Ke3 Ke6 39. a3 Kd5 40. h4 c5 41. Ba5 Kc6 42. b4 cxb4 43. Bxb4 Kb6 (43... Kd5 $15) 44. Bc3 ({Better is} 44. g4 $1 $11) 44... a5 (44... Kc5 $15) 45. g4 $11 Bb1 46. gxh5 gxh5 47. Kd4 Bh7 48. f4 Bg8 49. f5 b4 50. axb4 axb4 51. Bxb4 {White is slightly better.} Kc7 52. Ke5 Kd7 53. Kf6 {aiming for Kg7.} Ke8 54. Kg7 Bd5 55. Kg6 Be4 56. Kxh5 {Accuracy: White = 58%, Black = 74%.} 1/2-1/2

[Event "KAZ Cup 2019"]
[Site "Almaty"]
[Date "2019.12.18"]
[Round "8.2"]
[White "Khegay, Dmitriy"]
[Black "Rakhimzhan, Alen"]
[Result "1-0"]
[WhiteElo "2504"]
[BlackElo "2354"]
[Annotator "TA"]
[PlyCount "83"]
[EventDate "2019.12.12"]
[EventType "tourn"]
[EventCountry "KAZ"]
[SourceTitle "playchess.com"]
[Source "ChessBase"]
[SourceQuality "1"]

{[%evp 16,97,0,0,2,0,0,0,0,0,1,4,0,13,16,17,13,6,36,34,27,30,47,47,52,49,55,42,67,54,99,108,120,93,126,92,83,0,112,107,218,220,434,417,393,425,411,384,369,254,225,228,221,213,217,224,400,392,719,576,560,472,467,454,477,483,619,587,1670,908,1121,911,29987,1187,5377,1718,2706,441,976,944,29990,29989,29990,29991]} 1. e4 e5 2. Nf3 Nc6 3. Bb5 Nf6 4. O-O Nxe4 5. d4 Nd6 6. dxe5 Nxb5 7. a4 Nbd4 8. Nxd4 Nxd4 9. Qxd4 d5 $1 {C67: Ruy Lopez: Berlin Defence: 4 0-0 Nxe4} 10. c4 (10. Qd3 c6 11. a5 Be6 12. Nc3 Qd7 13. Ne2 Bf5 14. Qc3 Be7 15. Bh6 d4 16. Nxd4 gxh6 17. e6 Bxe6 18. Nxe6 {1-0 (30) Vitiugov,N (2726)-Harikrishna,P (2730) Prague 2019}) 10... Be6 11. c5 b6 $146 {The position is equal.} ({Predecessor:} 11... Be7 12. b4 O-O 13. Ra3 Bf5 14. Nc3 c6 15. a5 f6 16. Bf4 fxe5 17. Bxe5 {1-0 (64) Rogulj,B (2440)-Karaklajic,N (2460) Pula 1979}) 12. b4 Be7 13. Nd2 {[%cal Bb1d2,Bd2b3,Bb3d4][%mdl 32]} bxc5 14. bxc5 c6 15. Nb3 O-O 16. Qc3 Qd7 17. Nd4 f6 18. Bf4 fxe5 19. Bxe5 Rf7 20. Rab1 Bf5 21. Rb2 Bg6 22. a5 {[%cal Ba4a5,Ba5a6][%mdl 32]} Re8 23. a6 Bf8 24. Bg3 Qc8 25. Rb8 Qd7 26. Rb2 Qc8 27. Ra1 $1 h5 (27... Qg4 $16) 28. h3 $18 Re4 $2 (28... Kh7 {was called for.} 29. Bd6 Bxd6 30. cxd6 c5) 29. Rb8 Qd7 30. Bd6 Re8 31. Rb7 Qc8 32. Qb3 Qd8 33. Nxc6 Qf6 34. Qb2 Bxd6 35. cxd6 Qxd6 $2 (35... Qxb2 36. Rxb2 Rd7) 36. Nxa7 Ra8 $2 (36... Kh7 37. Rxf7 Bxf7) 37. Nb5 Qc6 38. Rxf7 Bxf7 39. Nd4 Qc5 {[#]} 40. a7 $1 {[%mdl 512]} Qc7 (40... Rxa7 41. Qb8+) 41. Qa3 Be8 {[#]} 42. Ne6 {Played: Qa3-f8} 1-0

[Event "KAZ Cup 2019"]
[Site "Almaty"]
[Date "2019.12.18"]
[Round "8.3"]
[White "Urazayev, Arystanbek"]
[Black "Utegaliyev, Azamat"]
[Result "1-0"]
[WhiteElo "2433"]
[BlackElo "2502"]
[Annotator "TA"]
[PlyCount "33"]
[EventDate "2019.12.12"]
[EventType "tourn"]
[EventCountry "KAZ"]
[SourceTitle "playchess.com"]
[Source "ChessBase"]
[SourceQuality "1"]

{[%evp 14,118,39,32,64,71,83,78,166,146,154,134,121,130,133,129,120,123,119,93,134,133,143,142,144,145,122,123,193,189,218,216,307,309,400,349,416,431,422,211,237,201,805,804,789,735,695,565,552,428,605,529,520,511,557,540,684,749,781,772,910,910,903,903,731,760,883,869,840,773,749,648,5808,6390,29977,29978,29978,29975,29975,29976,29976,29977,29977,29976,29976,29975,29977,29978,29977,29977,29977,29973,29987,29988,29989,29990,29990,29991,29991,29992,29992,29993,29993,29994,29998,29999,29999]} 1. c4 g6 2. Nc3 Bg7 3. d4 d6 4. e4 Nf6 5. f3 c6 6. Be3 a6 7. Qd2 b5 8. O-O-O bxc4 {E80: King's Indian: Sämisch: Lines without early ...0-0} 9. Bxc4 d5 10. Bb3 h6 $146 (10... dxe4 $16 {might work better.} 11. fxe4 O-O) ({Predecessor:} 10... dxe4 11. Bh6 e3 12. Qxe3 O-O 13. h4 Nd5 14. Bxd5 cxd5 15. h5 Bxh6 16. Qxh6 {1-0 (35) Hernandez,H (2496)-Patel,A (2377) Forth Worth 2017}) 11. Nge2 e6 12. Kb1 a5 13. e5 Nfd7 14. h4 Nb6 15. Qc2 Ba6 {Threatening ...a4.} 16. Nf4 Bc4 17. Na4 {Played: Nf4xe6} 1-0

[Event "KAZ Cup 2019"]
[Site "Almaty"]
[Date "2019.12.18"]
[Round "8.4"]
[White "Makhnev, Denis"]
[Black "Stupak, Kirill"]
[Result "1-0"]
[WhiteElo "2476"]
[BlackElo "2529"]
[Annotator "RC"]
[PlyCount "73"]
[EventDate "2019.12.12"]
[EventType "tourn"]
[EventCountry "KAZ"]
[SourceTitle "playchess.com"]
[Source "ChessBase"]
[SourceQuality "1"]
[TimeControl "40/5400+30:1800+30"]

1. d4 {[%emt 0:00:00]} Nf6 {[%emt 0:01:41]} 2. c4 {[%emt 0:00:44]} e6 {[%emt 0:00:05]} 3. g3 {[%emt 0:00:08]} Bb4+ {[%emt 0:00:05]} 4. Bd2 {[%emt 0:00:07]} Qe7 {[%emt 0:00:19]} 5. Bg2 {[%emt 0:00:40]} O-O {[%emt 0:00:09]} 6. Nf3 {[%emt 0:00:22]} Bxd2+ {[%emt 0:00:15]} 7. Qxd2 {[%emt 0:00:12]} Ne4 {[%emt 0:00:03]} 8. Qc2 {[%emt 0:00:14]} Qb4+ {[%emt 0:00:01]} 9. Nbd2 {[%emt 0:00:21]} Nxd2 {[%emt 0:01:28]} 10. Nxd2 {[%emt 0:00:15]} Qe7 11. O-O {[%emt 0:01:23]} d6 {[%emt 0:03:21]} 12. b4 {[%emt 0:08:20]} e5 {[%emt 0:07:32]} 13. e3 {[%emt 0:05:27]} c6 {[%emt 0:11:03]} 14. c5 exd4 {[%emt 0:13:47]} 15. exd4 {[%emt 0:00:38]} d5 16. a4 {[%emt 0:02:26]} Qf6 {[%emt 0:06:55]} 17. Qc3 Bf5 {[%emt 0:08:45]} 18. b5 {[%emt 0:05:40]} Nd7 {[%emt 0:05:39]} 19. a5 {[%emt 0:00:09]} Rac8 {[%emt 0:07:31]} 20. b6 {[%emt 0:03:21]} a6 {[%emt 0:00:16]} 21. h3 {[%emt 0:00:40]} h5 {[%emt 0:02:50]} 22. Rae1 {[%emt 0:14:03]} Rfe8 {[%emt 0:00:21]} 23. Re3 {[%emt 0:00:09]} Rxe3 {[%emt 0:01:47]} 24. Qxe3 {[%emt 0:03:31]} Qe6 {[%emt 0:03:37]} 25. Qxe6 {[%emt 0:02:28]} Bxe6 {[%emt 0:00:30]} 26. Re1 {[%emt 0:00:45]} Nf8 {[%emt 0:02:07]} 27. Nf1 {[%emt 0:01:09]} Re8 {[%emt 0:04:19]} 28. f4 {[%emt 0:01:51]} g6 {[%emt 0:02:22]} 29. Kf2 {[%emt 0:01:11]} Bd7 {[%emt 0:01:06]} 30. Rxe8 {[%emt 0:08:42]} Bxe8 {[%emt 0:00:10]} 31. f5 Bd7 {[%emt 0:16:32]} 32. Ne3 {[%emt 0:00:11]} Bxf5 {[%emt 0:00:42]} 33. Nxf5 {[%emt 0:00:37]} gxf5 {[%emt 0:00:01]} 34. Bf3 {[%emt 0:02:10]} h4 {[%emt 0:01:06]} 35. gxh4 {[%emt 0:00:35]} Ne6 {[%emt 0:00:23]} 36. Be2 {[%emt 0:00:37]} Nd8 {[%emt 0:00:28]} 37. Bd3 {[%emt 0:00:06]} 1-0

[Event "KAZ Cup 2019"]
[Site "Almaty"]
[Date "2019.12.19"]
[Round "9.1"]
[White "Igambergenov, Alibek"]
[Black "Kostenko, Petr"]
[Result "1-0"]
[WhiteElo "2410"]
[BlackElo "2467"]
[Annotator "TA"]
[PlyCount "73"]
[EventDate "2019.12.12"]
[EventType "tourn"]
[EventCountry "KAZ"]
[SourceTitle "playchess.com"]
[Source "ChessBase"]
[SourceQuality "1"]

{[%evp 9,99,56,56,53,76,71,72,40,66,43,75,48,62,44,77,72,80,0,36,27,29,36,45,52,20,0,0,0,0,0,0,0,-10,-7,-14,-14,0,0,0,0,0,0,0,-52,-59,-82,0,0,0,0,0,0,0,0,189,183,243,259,250,233,424,429,500,496,489,475,487,508,583,490,747,745,720,733,813,782,850,855,675,675,675,660,4627,4627,5164,4943,4682,825,29972,29973,5628,5616]} 1. Nf3 c5 2. c4 g6 3. d4 Bg7 4. d5 d6 5. e4 e6 6. Bd3 {A40: Unusual replies to 1 d4} Ne7 (6... exd5 7. cxd5 Bg4 8. Nbd2 Nf6 9. O-O O-O 10. h3 Bxf3 11. Nxf3 c4 12. Bxc4 Nxe4 13. Re1 Re8 {1-0 (42) Giri,A (2752)-Adhiban,B (2655) Wijk aan Zee 2018}) 7. Nc3 O-O 8. h3 {White is better.} h6 9. Bf4 $146 ({Predecessor:} 9. Be3 exd5 10. exd5 Nf5 11. Bxf5 Bxf5 12. g4 Bc8 13. Qd2 Kh7 14. Bf4 Nd7 {1-0 (58) Grover,S (2511)-Jojua,D (2588) chess.com INT 2019}) 9... a6 10. a4 f5 11. exf5 exd5 12. cxd5 Bxf5 13. Be2 (13. Bh2 $16) 13... g5 (13... Bxh3 $5 14. Bxh6 Bxg2 15. Bxg7 Bxh1 16. Bxf8 Qxf8 $11) 14. Bg3 Ng6 15. O-O Qb6 16. Bd3 Nd7 $1 17. Qc2 Bxd3 18. Qxd3 Nf4 $36 {[%mdl 2048] White is under pressure.} 19. Bxf4 Rxf4 20. Rae1 Qxb2 21. Ne2 Rf7 22. Ng3 $1 Raf8 23. Re6 Rxf3 {[%mdl 64] Remove Defender} 24. gxf3 {Rb1 is the strong threat.} Ne5 {[%cal Bd7e5,Be5f3,Bf3d2][%mdl 96] Double Attack} 25. Qe2 Nxf3+ 26. Kh1 ({White should try} 26. Kg2 $11) 26... Qxe2 $15 27. Nxe2 {[#]} Nd2 (27... Be5 $1 $17 28. a5 Nd2) 28. Rd1 $11 Nc4 29. Rb1 Rf7 30. Ng3 Nd2 31. Rb6 Rxf2 $2 (31... Be5 $11 {and Black has nothing to worry.}) 32. Rbxd6 $18 Nf3 {[#]} (32... b5 $142) 33. Re2 $1 {[%cal Re2f2]} Rxe2 34. Nxe2 {[%mdl 4096] Endgame KRN-KBN} c4 $2 (34... Nd4) 35. Rb6 Be5 36. Rxb7 c3 {and the idea ...c2 leaves Black hopeful.} 37. Nxc3 {Played: Rb7-b6} 1-0

[Event "KAZ Cup 2019"]
[Site "Almaty"]
[Date "2019.12.19"]
[Round "9.2"]
[White "Stupak, Kirill"]
[Black "Turov, Maxim"]
[Result "1/2-1/2"]
[WhiteElo "2529"]
[BlackElo "2574"]
[Annotator "TA"]
[PlyCount "22"]
[EventDate "2019.12.12"]
[EventType "tourn"]
[EventCountry "KAZ"]
[SourceTitle "playchess.com"]
[Source "ChessBase"]
[SourceQuality "1"]

{[%evp 21,22,0,12]} 1. Nf3 Nf6 2. g3 g6 3. Bg2 Bg7 4. O-O O-O 5. d4 d5 6. c4 c6 7. cxd5 cxd5 8. Ne5 $146 ({Predecessor:} 8. Nc3 Ne4 9. Ng5 Nf6 10. Nf3 Ne4 11. Ng5 Nf6 {½-½ (11) Adly,A (2611)-Grischuk,A (2771) Astana 2019}) 8... Ng4 9. Nf3 Nf6 10. Ne5 Ng4 11. Nf3 Nf6 1/2-1/2

[Event "KAZ Cup 2019"]
[Site "Almaty"]
[Date "2019.12.19"]
[Round "9.3"]
[White "Utegaliyev, Azamat"]
[Black "Makhnev, Denis"]
[Result "1-0"]
[WhiteElo "2502"]
[BlackElo "2476"]
[Annotator "ChessBase"]
[PlyCount "109"]
[EventDate "2019.12.12"]
[EventType "tourn"]
[EventCountry "KAZ"]
[SourceTitle "playchess.com"]
[Source "ChessBase"]
[SourceQuality "1"]
[TimeControl "40/5400+30:1800+30"]

1. d4 {[%emt 0:15:48]} Nf6 {[%emt 0:00:00]} 2. Nf3 {[%emt 0:00:13]} e6 {[%emt 0:00:00]} 3. Bf4 {[%emt 0:00:25]} d5 {[%emt 0:00:10]} 4. e3 {[%emt 0:00:21]} c5 {[%emt 0:00:23]} 5. c3 {[%emt 0:00:31]} Bd6 {[%emt 0:00:09]} 6. Bg3 {[%emt 0:00:18]} Qc7 {[%emt 0:00:10]} 7. Nbd2 {[%emt 0:00:13]} Nbd7 {[%emt 0:00:09]} 8. Be2 {[%emt 0:10:50]} O-O {[%emt 0:00:14]} 9. O-O {[%emt 0:00:05]} Bxg3 {[%emt 0:00:24]} 10. hxg3 e5 {[%emt 0:00:04]} 11. dxe5 {[%emt 0:01:57]} Nxe5 {[%emt 0:00:08]} 12. Nxe5 {[%emt 0:00:07]} Qxe5 {[%emt 0:00:06]} 13. Nf3 {[%emt 0:00:24]} Qe7 {[%emt 0:00:40]} 14. Qc2 {[%emt 0:01:01]} b6 {[%emt 0:13:55]} 15. Rad1 {[%emt 0:02:01]} Bd7 {[%emt 0:03:09]} 16. Rd2 {[%emt 0:05:17]} Bc6 {[%emt 0:02:52]} 17. Qf5 {[%emt 0:02:35]} Ne4 {[%emt 0:02:27]} 18. Rdd1 {[%emt 0:00:24]} Rae8 {[%emt 0:04:19]} 19. Bd3 {[%emt 0:01:23]} g6 {[%emt 0:00:51]} 20. Qf4 {[%emt 0:00:32]} Ba4 {[%emt 0:05:59]} 21. Rc1 {[%emt 0:04:03]} Kg7 {[%emt 0:00:50]} 22. Qh4 {[%emt 0:03:01]} g5 {[%emt 0:00:26]} 23. Qh5 {[%emt 0:02:22]} h6 {[%emt 0:00:24]} 24. Rfe1 {[%emt 0:00:19]} Nf6 {[%emt 0:10:36]} 25. Qh1 {[%emt 0:00:45]} Bd7 {[%emt 0:01:32]} 26. Rcd1 {[%emt 0:01:56]} Rd8 {[%emt 0:02:08]} 27. Kh2 {[%emt 0:02:51]} Ng4+ {[%emt 0:00:38]} 28. Kg1 {[%emt 0:00:05]} f5 {[%emt 0:05:14]} 29. Bc2 {[%emt 0:03:25]} Be6 {[%emt 0:01:30]} 30. Rd2 {[%emt 0:03:00]} a5 {[%emt 0:05:57]} 31. a3 {[%emt 0:03:44]} Rd6 {[%emt 0:01:15]} 32. Bd3 {[%emt 0:02:51]} Rfd8 {[%emt 0:01:07]} 33. Rdd1 {[%emt 0:01:45]} Bd7 {[%emt 0:00:52]} 34. Bc2 {[%emt 0:03:21]} Qf6 {[%emt 0:00:34]} 35. Rd2 {[%emt 0:01:10]} Be8 {[%emt 0:05:25]} 36. Red1 {[%emt 0:02:27]} Bg6 37. Bd3 {[%emt 0:07:23]} Qe6 {[%emt 0:00:42]} 38. Re1 {[%emt 0:00:51]} Nf6 {[%emt 0:00:27]} 39. Rdd1 {[%emt 0:01:06]} Ne4 {[%emt 0:01:32]} 40. Re2 {[%emt 0:02:54]} Qf6 {[%emt 0:03:47]} 41. Qh2 {[%emt 0:34:49]} a4 {[%emt 0:42:27]} 42. Qh1 {[%emt 0:05:11]} h5 {[%emt 0:02:07]} 43. Bc2 {[%emt 0:06:26]} b5 {[%emt 0:01:04]} 44. Bd3 {[%emt 0:01:07]} g4 {[%emt 0:04:45]} 45. Nh4 {[%emt 0:00:00]} d4 {[%emt 0:00:00]} 46. exd4 {[%emt 0:00:00]} cxd4 {[%emt 0:00:00]} 47. Bxe4 {[%emt 0:00:00]} fxe4 {[%emt 0:00:00]} 48. cxd4 {[%emt 0:00:00]} Rxd4 {[%emt 0:00:00]} 49. Rxd4 {[%emt 0:00:00]} Rxd4 {[%emt 0:00:00]} 50. Kh2 Bh7 51. Qc1 {[%emt 0:00:00]} Rd5 {[%emt 0:00:00]} 52. Rc2 {[%emt 0:00:00]} Bg8 {[%emt 0:00:00]} 53. Rc6 {[%emt 0:00:00]} Be6 {[%emt 0:00:00]} 54. Rb6 {[%emt 0:00:00]} Qe5 {[%emt 0:00:07]} 55. Qc6 {[%emt 0:00:00]} 1-0

[Event "KAZ Cup 2019"]
[Site "Almaty"]
[Date "2019.12.19"]
[Round "9.4"]
[White "Rakhimzhan, Alen"]
[Black "Urazayev, Arystanbek"]
[Result "0-1"]
[WhiteElo "2354"]
[BlackElo "2433"]
[Annotator "ChessBase"]
[PlyCount "108"]
[EventDate "2019.12.12"]
[EventType "tourn"]
[EventCountry "KAZ"]
[SourceTitle "playchess.com"]
[Source "ChessBase"]
[SourceQuality "1"]
[TimeControl "40/5400+30:1800+30"]

1. d4 {[%emt 0:08:32]} Nf6 {[%emt 0:00:00]} 2. c4 {[%emt 0:00:09]} e6 {[%emt 0:00:00]} 3. Nc3 {[%emt 0:00:11]} Bb4 {[%emt 0:00:00]} 4. e3 {[%emt 0:01:01]} c5 {[%emt 0:00:11]} 5. a3 {[%emt 0:00:32]} Bxc3+ {[%emt 0:03:56]} 6. bxc3 {[%emt 0:00:10]} O-O {[%emt 0:02:07]} 7. Bd3 {[%emt 0:00:08]} d5 {[%emt 0:02:06]} 8. cxd5 {[%emt 0:00:40]} exd5 {[%emt 0:00:18]} 9. Ne2 {[%emt 0:00:16]} b6 {[%emt 0:02:35]} 10. O-O {[%emt 0:02:30]} Ba6 {[%emt 0:01:34]} 11. Ng3 {[%emt 0:02:18]} Bxd3 {[%emt 0:00:52]} 12. Qxd3 {[%emt 0:00:18]} Nc6 {[%emt 0:00:13]} 13. Bb2 {[%emt 0:03:15]} Re8 {[%emt 0:10:15]} 14. f3 {[%emt 0:01:21]} h5 15. Rae1 {[%emt 0:11:01]} h4 {[%emt 0:07:46]} 16. Nf5 {[%emt 0:01:32]} Nh5 {[%emt 0:18:13]} 17. e4 {[%emt 0:07:05]} g6 {[%emt 0:11:05]} 18. Nh6+ {[%emt 0:07:36]} Kg7 {[%emt 0:00:07]} 19. Ng4 cxd4 {[%emt 0:16:18]} 20. cxd4 {[%emt 0:05:14]} Qd6 {[%emt 0:03:32]} 21. Qd2 {[%emt 0:06:21]} Kg8 {[%emt 0:06:30]} 22. Qf2 {[%emt 0:24:05]} h3 {[%emt 0:01:26]} 23. g3 {[%emt 0:01:10]} Rac8 {[%emt 0:03:13]} 24. Ne3 {[%emt 0:06:52]} Ne7 {[%emt 0:01:13]} 25. f4 {[%emt 0:00:47]} dxe4 {[%emt 0:03:07]} 26. g4 {[%emt 0:01:36]} Nf6 {[%emt 0:00:56]} 27. f5 {[%emt 0:01:47]} g5 {[%emt 0:00:34]} 28. Qd2 {[%emt 0:01:40]} Kh7 {[%emt 0:01:07]} 29. d5 {[%emt 0:01:12]} Neg8 {[%emt 0:02:28]} 30. Qd4 {[%emt 0:01:46]} Qc5 {[%emt 0:00:29]} 31. Qd2 {[%emt 0:02:09]} Qd6 {[%emt 0:01:31]} 32. Rd1 {[%emt 0:01:07]} Re7 {[%emt 0:00:38]} 33. Kh1 {[%emt 0:01:31]} Rec7 {[%emt 0:01:16]} 34. Rg1 {[%emt 0:00:16]} Kg7 {[%emt 0:00:31]} 35. Rg3 {[%emt 0:00:37]} Kf8 {[%emt 0:00:15]} 36. a4 {[%emt 0:00:15]} Ke8 {[%emt 0:00:44]} 37. Rxh3 {[%emt 0:00:05]} Kd7 {[%emt 0:00:33]} 38. Rg3 {[%emt 0:00:26]} Ke8 {[%emt 0:00:45]} 39. Rgg1 {[%emt 0:00:27]} Kd7 {[%emt 0:00:22]} 40. Rg2 {[%emt 0:00:50]} Ke8 {[%emt 0:00:27]} 41. Qe2 {[%emt 0:30:25]} Nd7 {[%emt 0:13:34]} 42. f6 {[%emt 0:00:00]} Ngxf6 {[%emt 0:01:27]} 43. Rf2 Rc3 {[%emt 0:02:18]} 44. Rdf1 {[%emt 0:00:00]} Kd8 {[%emt 0:01:26]} 45. Rf5 {[%emt 0:00:00]} Rxe3 {[%emt 0:00:50]} 46. Qd2 {[%emt 0:03:10]} Rf3 {[%emt 0:06:20]} 47. Qxg5 {[%emt 0:00:03]} Rxf1+ {[%emt 0:05:09]} 48. Rxf1 {[%emt 0:00:02]} Ke7 {[%emt 0:00:46]} 49. Qf5 {[%emt 0:01:26]} Rc2 {[%emt 0:00:48]} 50. Bxf6+ {[%emt 0:00:24]} Nxf6 {[%emt 0:00:21]} 51. Rf4 {[%emt 0:00:10]} e3 {[%emt 0:01:08]} 52. Re4+ {[%emt 0:00:36]} Kf8 {[%emt 0:00:18]} 53. Re5 {[%emt 0:00:30]} e2 {[%emt 0:00:52]} 54. Qxc2 {[%emt 0:00:47]} Qxe5 {[%emt 0:00:04]} 0-1

[Event "KAZ Cup 2019"]
[Site "Almaty"]
[Date "2019.12.19"]
[Round "9.5"]
[White "Babujian, Levon"]
[Black "Khegay, Dmitriy"]
[Result "1/2-1/2"]
[WhiteElo "2466"]
[BlackElo "2504"]
[Annotator "TA"]
[PlyCount "24"]
[EventDate "2019.12.12"]
[EventType "tourn"]
[EventCountry "KAZ"]
[SourceTitle "playchess.com"]
[Source "ChessBase"]
[SourceQuality "1"]

{[%evp 18,19,0,0]} 1. d4 d5 2. c4 c6 3. Nc3 Nf6 4. cxd5 cxd5 5. Nf3 Nc6 6. Bf4 Bf5 7. e3 e6 8. Bd3 Bxd3 9. Qxd3 Bd6 10. Bxd6 {Predecessor:} Qxd6 $146 11. O-O O-O 12. Rac1 Rfc8 {½-½ (12) Leko,P (2674)-Shankland,S (2713) Biel 2019} 1/2-1/2